000 004660000a22001690004500
041 0 _aENG
082 0 4 _aG 269.209 S116d
100 1 _aSabiers, Karl George (1917-)
245 1 0 _aDwight L. Moody in the power of the Holy Spirit / Karl G. Sabiers
260 _aLos Angeles, CA., USA : Robertson
300 _a87 Pag
001 8153
942 _cBK
999 _c38346
_d38346
336 _atexto
_btxt
_2rdacontent
337 _2rdamedia
_asin mediación
_bn
338 _2rdacarrier
_avolumen
_bnc